Top 100 Wide Receivers With The Most Receiving Yards All Time - Statistics

General Stats
  • This quiz has been taken 123 times
  • The average score is 45 of 100
Answer Stats
Number Receiving Yards Teams Played For HOF Answer % Correct
1 22,895 49ers,Raiders,Seahawks + Jerry Rice
99%
2 17,492 Cardinals Larry Fitzgerald
95%
4 15,292 Vikings,Raiders, Patriots,Titans,49ers + Randy Moss
95%
11 14,185 Texans,Colts,Titans Andre Johnson
92%
48 10,283 Redskins,Jets Santana Moss
92%
33 11,619 Lions + Calvin Johnson
91%
38 11,059 Bengals,Patriots,Dolphins Chad Johnson
91%
45 10,571 Jets,Buccaneers,Cowboys,Panthers Keyshawn Johnson
91%
3 15,934 49ers,Eagles,Cowboys,Bills,Bengals,Seahawks + Terrell Owens
89%
24 12,291 Steelers,Raiders,Patriots,Buccaneers Antonio Brown
88%
9 14,580 Colts + Marvin Harrison
88%
7 14,934 Raiders,Buccaneers + Tim Brown
88%
16 13,632 Falcons,Titans,Buccaneers Julio Jones
87%
8 14,731 Panthers,Ravens Steve Smith Sr.
87%
25 12,287 Cowboys,Jaguars Jimmy Smith
85%
35 11,389 Broncos Rod Smith
85%
6 15,127 Chiefs,Falcons + Tony Gonzalez
85%
40 10,893 Buccaneers Mike Evans
78%
51 10,165 Packers,Raiders Davante Adams
77%
67 9,242 Chiefs,Dolphins Tyreek Hill
72%
57 9,831 Rams,Oilers,Falcons Drew Hill
70%
41 10,869 Chiefs Travis Kelce
69%
13 13,899 Eagles,Vikings,Dolphins + Cris Carter
68%
32 11,674 Texans,Cardinals,Titans DeAndre Hopkins
68%
29 11,904 Cowboys + Michael Irvin
68%
64 9,286 Patriots,Buccaneers Rob Gronkowski
68%
37 11,263 Eagles,Redskins,Buccaneers,Eagles,Rams,Raiders,Ravens DeSean Jackson
67%
47 10,372 Rams,Eagles,Rams,Patriots,Vikings,Seahawks,Patriots Harold Jackson
67%
5 15,208 Rams,49ers + Isaac Bruce
67%
10 14,345 Colts Reggie Wayne
67%
71 9,080 Chargers,Buccaneers Vincent Jackson
67%
17 13,382 Rams,Jaguars,Patriots Torry Holt
65%
56 9,861 Chargers Keenan Allen
64%
19 13,089 Seahawks + Steve Largent
64%
62 9,490 Vikings, Bills Stefon Diggs
62%
59 9,763 Broncos,Texans,Patriots,Jets Demaryius Thomas
61%
30 11,841 Chargers Antonio Gates
59%
18 13,198 Bills,Redskins + Andre Reed
57%
53 10,060 Broncos,Ravens + Shannon Sharpe
57%
55 9,924 Dolphins,Patriots,Broncos,Rams Wes Welker
56%
46 10,514 Bengals,Cardinals A.J. Green
55%
77 8,965 Cardinals, Eagles Roy Green
55%
23 12,351 Broncos,Dolphins,Bears,Jets,Giants,Seahawks Brandon Marshall
54%
27 12,083 Steelers Hines Ward
51%
42 10,863 Falcons Roddy White
50%
14 13,779 Cardinals,Ravens,49ers,Lions Anquan Boldin
49%
89 8,625 Raiders,Cowboys,Browns Amari Cooper
47%
91 8,587 Packers,Raiders Jordy Nelson
44%
20 13,046 Cowboys,Raiders Jason Witten
43%
68 9,174 Lions,Giants Herman Moore
41%
63 9,368 Jets, Cardinals Rob Moore
41%
93 8,514 Saints,Seahawks,Packers,Bears Jimmy Graham
39%
22 12,721 Redskins,Jets,Eagles + Art Monk
37%
74 8,974 Dolphins,Packers Mark Clayton
36%
52 10,137 Packers Donald Driver
35%
43 10,856 Redskins,Cardinals,Dolphins Gary Clark
35%
84 8,725 Saints,Patriots,Rams,Texans,Cowboys,Texans,Cowboys Brandin Cooks
34%
58 9,812 Colts,Cowboys T.Y. Hilton
34%
66 9,245 Steelers,Broncos,49ers,Saints,Bills Emmanuel Sanders
33%
85 8,723 Steelers + John Stallworth
33%
79 8,869 Dolphins Mark Duper
30%
60 9,759 Saints Marques Colston
30%
49 10,266 Chargers,Cowboys + Lance Alworth
29%
34 11,438 Panthers,Bears Muhsin Muhammad
29%
99 8,291 Packers,Vikings,Dolphins Greg Jennings
28%
73 8,985 Eagles,Cowboys + Harold Carmichael
27%
12 14,004 Packers,Raiders,Bills,Rams,Eagles + James Lofton
27%
98 8,306 Giants Wesley Walker
26%
70 9,110 Redskins + Charley Taylor
25%
87 8,685 Raiders + Cliff Branch
25%
21 12,785 Patriots,Dolphins,Eagles,Redskins Irving Fryar
24%
50 10,205 Colts,Falcons,Browns,Jaguars,Packers,Chiefs,Raiders Andre Rison
23%
74 8,974 Raiders + Fred Biletnikoff
23%
94 8,499 Steelers,Giants,Jets Plaxico Burress
22%
69 9,148 Bears,Texans,Steelers,49ers,Colts Anthony Miller
20%
100 8,278 Seahawks,Lions,Eagles,Giants,Titans Golden Tate
20%
26 12,146 Oilers,Bengals,Chargers + Charlie Joiner
19%
36 11,373 Redskins,Browns,Jaguars,Buccaneers,Chargers, Texans,Redskins Keenan McCardell
19%
28 12,061 Oilers/Titans,Ravens,Jets,Texans Derrick Mason
18%
61 9,497 Giants Amani Toomer
17%
31 11,834 Giants,Tiger-Cats,NY Titans/Jets,Cardinals,Rams,Texans + Don Maynard
17%
83 8,744 Chiefs,Saints Joe Horn
17%
15 13,777 Rams,Redskins,Patriots Henry Ellard
16%
92 8,565 Browns,Dolphins,Browns + Paul Warfield
16%
80 8,823 Patriots,Packers,Cowboys Terry Glenn
16%
39 10,950 Seahawks,Cowboys,Buccaneers,Patriots,Redskins Joey Galloway
14%
44 10,716 Patriots,Colts,Broncos,Titans Stanley Morgan
13%
65 9,275 Bengals + Raymond Berry
11%
54 9,995 Bills,Texans,Titans Eric Moulds
9%
76 8,966 Saints,Chargers,49ers Wes Chandler
8%
82 8,763 Bears,Lions,Redskins Mark Carrier
5%
86 8,719 Lions,Chiefs,49ers Johnnie Morton
3%
81 8,809 Falcons,Steelers Terance Mathis
2%
88 8,683 Bears,Panthers,Seahawks Greg Olson
1%
78 8,878 Cardinals,Seahawks,Bears,Rams,Panthers,Colts Ricky Proehl
1%
72 9,065 Jets,Dolphins,Chargers,Falcons Tony Martin
1%
95 8,459 Packers,Browns,Cowboys Billy Howton
0%
97 8,345 Saints,Bears,Broncos,Chiefs Eddie Kennison
0%
90 8,609 Jets,Redskins,Bengals Laveranues Coles
0%
96 8,410 Eagles,Cowboys,Rams,Falcons,Browns + Tommy McDonald
0%
No matching quizzes found
Score Distribution
Percent of People with Each Score
Percentile by Number Answered
Your Score History
You have not taken this quiz